Biggest Cities in Africa by Region on a Map - Statistics

General Stats
  • This quiz has been taken 207 times
    113 since last reset
  • The average score is 40 of 50
Answers on the Map
Answers color-coded by a green-red scale on the quiz's map according to % correct below.
 
Answer Stats
Region Population Answer % Correct
Southern Africa 4.98m Cape Town
100%
Northern Africa 4.25m Algiers
99%
Northern Africa 22.5m Cairo
99%
Northern Africa 4.77m Casablanca
98%
Southern Africa 14.6m Johannesburg
98%
Northern Africa 2.70m Tunis
98%
Western Africa 20.7m Lagos
97%
Eastern Africa 6.70m Nairobi
97%
Eastern Africa 4.73m Addis Ababa
96%
Northern Africa 7.05m Khartoum
96%
Northern Africa 1.82m Tripoli
96%
Northern Africa 6.20m Alexandria
95%
Eastern Africa 6.25m Dar es Salaam
93%
Central Africa 9.35m Luanda
93%
Eastern Africa 2.18m Mogadishu
93%
Northern Africa 2.15m Rabat
93%
Western Africa 6.60m Accra
92%
Western Africa 3.93m Dakar
91%
Eastern Africa 2.63m Harare
91%
Central Africa 15.6m Kinshasa
91%
Eastern Africa 3.05m Antananarivo
89%
Western Africa 5.45m Bamako
89%
Central Africa 2.40m Brazzaville
89%
Eastern Africa 4.13m Kampala
89%
Western Africa 2.90m Abuja
88%
Southern Africa 3.85m Durban
87%
Central Africa 1.88m N'Djamena
86%
Eastern Africa 1.89m Kigali
84%
Eastern Africa 2.33m Lusaka
84%
Eastern Africa 2.53m Maputo
84%
Western Africa 3.30m Ouagadougou
84%
Central Africa 3.83m Yaoundé
84%
Western Africa 6.80m Abidjan
83%
Southern Africa 811k Bloemfontein
83%
Northern Africa 1.35m Fez
82%
Central Africa 1.62m Bangui
80%
Western Africa 5.20m Kano
80%
Southern Africa 1.19m Gqeberha
79%
Southern Africa 534k Gaborone
78%
Northern Africa 1.60m Oran
74%
Central Africa 3.78m Douala
70%
Western Africa 3.33m Ibadan
68%
Central Africa 2.75m Lubumbashi
64%
Western Africa 2.88m Kumasi
61%
Central Africa 2.43m Mbuji-Mayi
53%
Southern Africa 975k East London
45%
Central Africa 1.39m Benguela
42%
Southern Africa 817k Pietermaritzburg
24%
Southern Africa 843k Polokwane
23%
Southern Africa 818k Mbombela
16%
No matching quizzes found
Score Distribution
Percent of People with Each Score
Percentile by Number Answered
Your Score History
You have not taken this quiz since the last reset